000 00670nam-a2200205-a-4500
001 YSU0142653
003 AM-YeHGA
005 20250617153442.0
008 010416s1978 xxu 000 0 rus u
040 _aAM-YeHGA
041 0 _arus
245 0 0 _aПрограммирование и численные методы /
_cНауч. ред.: А.Н. Чекалин, Е.В. Ермолин.
260 _aКазань :
_bИзд-во Казанского ун-та,
_c1978.
300 _a104 с.
650 4 _aЧисленные методы
700 1 0 _aЧекалин, А.Н.
_4edt
700 1 _aЕрмолин, Е.В.
_4edt
942 _2udc
_cBK
090 _c393650
999 _c391630
_d391630